Objektovo orientovaný vývoj informačného systému diplomová práca

Saved in:
Bibliographic Details
Main Author: Magdolen, Peter
Corporate Author: Fakulta hospodárskej informatiky EU. Katedra aplikovanej informatiky
Other Authors: Blahušiak, Martin
Format: Book
Language:Slovak
Published: Bratislava 2015
Tags: Add Tag
No Tags, Be the first to tag this record!

MARC

LEADER 00000nbm a2200000 4500
001 0203737
005 20161212115409.4
041 0 |a slo 
044 |a SK 
245 1 0 |a Objektovo orientovaný vývoj informačného systému  |b diplomová práca  |c Peter Magdolen ; školiteľ: Martin Blahušiak 
264 1 |a Bratislava  |c 2015 
300 |a 76 s. 
100 1 |a Magdolen, Peter 
700 1 |a Blahušiak, Martin 
710 2 |a Fakulta hospodárskej informatiky EU. Katedra aplikovanej informatiky